| 000 | 01124nam a22003017a 4500 | ||
|---|---|---|---|
| 001 | BR2022000667 | ||
| 003 | BR-BrBNA | ||
| 005 | 20230928105652.0 | ||
| 007 | ta | ||
| 008 | 230509b bl.||||| |||| 00| 0 por d | ||
| 040 |
_aBR-BrBNA _bpor _cBiblioteca Nacional de Agricultura |
||
| 041 | _a(Eng, Por) | ||
| 072 | _aQ04; U30 | ||
| 090 | _ Q04 BR2022000667 | ||
| 100 | 1 | _aKillner, M. | |
| 110 | 1 | _aUniversidade de São Paulo, São Paulo (Brasil). Faculdade de Ciências Farmacêuticas | |
| 245 | 1 | _aParalelo entre métodos fenotípicos, imunológicos e genotípicos para detecção rápida de Salmonella spp em matrizes alimentares sem contaminação experimental: avaliação em condições reais e simultâneas de uso | |
| 260 | 3 |
_aSão Paulo, SP (Brasil): _c2008. |
|
| 300 | _a161 p. | ||
| 500 | _aBibliography p. 88-92 (50 ref.); Summaries (Eng, Por); 22 illus.; 26 tables | ||
| 650 | _aSALMONELLA | ||
| 650 | _aBACTÉRIA PATOGÊNICA | ||
| 650 | _aANÁLISE DE ALIMENTO | ||
| 650 | _aANÁLISE MICROBIOLÓGICA | ||
| 650 | _aMÉTODOS DE PESQUISA | ||
| 909 |
_a202309 _bLucia _c55 _dLucia Elande |
||
| 942 | _cBK | ||
| 999 |
_c86120 _d86120 |
||